<Die> Börse im Griff

Uložené v:
Podrobná bibliografia
Hlavný autor: Zweig, Martin
Médium: Kniha
Jazyk:German
Vydavateľské údaje: Kulmbach Börsenbuch 1990
Vydanie:2. Aufl.
Predmet:
Tagy: Pridať tag
Žiadne tagy, Buďte prvý, kto otaguje tento záznam!

MARC

LEADER 00000nam a2200000 4500
001 c002490
005 20221206122328.3
020 |a 3-922669-00-X 
041 0 |a ger 
044 |a DE 
245 1 0 |a <Die> Börse im Griff  |c Martin Zweig 
250 |a 2. Aufl. 
264 1 |a Kulmbach  |b Börsenbuch  |c 1990 
300 |a 354 s. 
610 2 0 |a burzy 
610 2 0 |a trh finančný 
610 2 0 |a trh kapitálový 
610 2 0 |a investície 
610 2 0 |a obchody burzové 
610 2 0 |a riziko 
610 2 0 |a ukazovatele ekonomické 
610 2 0 |a indexy hodnotové 
610 2 0 |a modely 
610 2 0 |a kurz menový 
610 2 0 |a akcie 
610 2 0 |a zisk 
100 1 |a Zweig, Martin